[Event "4NCL 2010-11"]
[Site "Reading ENG"]
[Date "2011.02.20"]
[Round "6"]
[White "Arakhamia-Grant,K"]
[Black "Buckley,Si"]
[Result "1-0"]
[WhiteElo "2458"]
[BlackElo "2345"]

1.e4 c5 2.Nf3 d6 3.Bb5+ Bd7 4.Bxd7+ Qxd7 5.O-O Nc6 6.c3 Nf6 7.Qe2 e6 8.d4 d5
9.e5 Ng8 10.Nbd2 cxd4 11.cxd4 Nge7 12.Nb3 Nc8 13.Ne1 Be7 14.Qg4 g6 15.Bh6 b6
16.Nf3 Bf8 17.Bxf8 Kxf8 18.Qf4 h6 19.Rac1 N8e7 20.h4 Nb4 21.Qd2 Qb5 22.Ra1 a5
23.a3 Nbc6 24.Nc1 Kg7 25.Ne2 Rhc8 26.Nc3 Qa6 27.a4 Nb4 28.Nb5 Rc2 29.Qf4 Ng8
30.Ra3 Rf8 31.h5 Qc8 32.Rc3 Rxc3 33.bxc3 Nc6 34.Nd6 Qd7 35.Rb1 g5 36.Qe3 Rb8
37.Qd3 Nge7 38.Nxf7 Kxf7 39.Qh7+ Ke8 40.Qxh6 Ng8 41.Qh8 Kf8 42.Nxg5 Qe8 43.Re1 Ke7
44.Qg7+ Kd8 45.h6  1-0

[Event "ch-ROU Women"]
[Site "Sarata Monteoru ROU"]
[Date "2011.02.20"]
[Round "9.3"]
[White "Peptan,C"]
[Black "Uta,Ad"]
[Result "1-0"]
[WhiteElo "2414"]
[BlackElo "2096"]

1.e4 c5 2.Nf3 d6 3.Bb5+ Nd7 4.d4 cxd4 5.Qxd4 e5 6.Qd3 h6 7.c4 Nf6 8.Nc3 Be7
9.O-O O-O 10.Bxd7 Bxd7 11.b3 a6 12.a4 Be6 13.Ba3 Rc8 14.Rfd1 Rc6 15.Nd2 Nd7
16.Nf1 Nc5 17.Bxc5 dxc5 18.Qg3 Qb8 19.Ne3 Bd8 20.Ng4 Bxg4 21.Qxg4 Rd6 22.Nd5 b5
23.axb5 axb5 24.Qe2 b4 25.g3 Qb7 26.Qe3 Rc6 27.Qf3 Bf6 28.Qf5 Ra8 29.Nxf6+ gxf6
30.Qg4+ Kh7 31.Rxa8 Qxa8 32.Rd7 Qg8 33.Qd1 Qg6 34.Qd5 Rc8 35.Rxf7+ Kh8 36.Ra7  1-0

[Event "US Amateur Team-ch East"]
[Site "Parsippany USA"]
[Date "2011.02.21"]
[Round "5"]
[White "Friedman,J"]
[Black "Samuelson,A"]
[Result "1-0"]
[WhiteElo "2178"]
[BlackElo "2165"]

1.e4 c5 2.Nf3 d6 3.Bb5+ Bd7 4.Bxd7+ Qxd7 5.O-O Nf6 6.Re1 Nc6 7.c3 e6 8.d3 Be7
9.Nbd2 O-O 10.Nf1 b5 11.Ng3 b4 12.d4 bxc3 13.bxc3 cxd4 14.cxd4 Rac8 15.Bd2 Qc7
16.Qa4 d5 17.Rac1 Qd7 18.exd5 Qxd5 19.Rc4 Nd7 20.Qa6 Nb6 21.Rcc1 Nxd4 22.Nxd4 Qxd4
23.Be3 Qa4 24.Qxa4 Nxa4 25.Bxa7 Nc3 26.Rc2 Nb5 27.Rxc8 Rxc8 28.Be3 Ra8 29.Rb1 Nc3
30.Rb3 Nd5 31.Nf1 f5 32.Rb2 Bf6 33.Rc2 Nc3 34.Bd2 Ne2+ 35.Kh1 Rb8 36.g3 Nd4
37.Rc4 e5 38.Kg2 Kf7 39.a4 Rb3 40.Be3 Ke6 41.Rc5 Ra3 42.Rc4 Kd5 43.Rb4 Ra2
44.Nd2 Nc2 45.Rb5+ Ke6 46.Rb6+ Kd7 47.Nf1 Rxa4 48.Rb1 Ra2 49.h4 h5 50.Bg5 Ke6
51.Rb6+ Kf7 52.Bxf6 gxf6 53.Rb1 Kg6 54.Rd1 Ra4 55.Ne3 Nd4 56.Nd5 Ra5 57.Nf4+ Kh6
58.Rd2 Rc5 59.Ne2 Rc2 60.Rxc2 Nxc2 61.Nc3 Nb4 62.Kf3 Kg6 63.Ke2 Kf7 64.Nd1 Ke6
65.Kf3 Nd5 66.Nb2 e4+ 67.Ke2 f4 68.Nc4 Nc3+ 69.Ke1 Nb5 70.Kd2 Kf5 71.gxf4 Kxf4
72.Ne3 Nd4 73.Nd5+ Ke5 74.Ne7 Nf3+ 75.Ke3 Nxh4  1-0

[Event "Rector Cup 2011"]
[Site "Kharkov UKR"]
[Date "2011.02.22"]
[Round "9"]
[White "Aveskulov,V"]
[Black "Ipatov,A ESP"]
[Result "1/2-1/2"]
[WhiteElo "2538"]
[BlackElo "2512"]

1.e4 c5 2.Nf3 d6 3.Bb5+ Bd7 4.Bxd7+ Qxd7 5.O-O Nc6 6.c3 Nf6 7.Qe2 e6 8.d4 cxd4
9.cxd4 d5 10.e5 Ne4 11.Be3 Be7 12.Ne1 f6 13.f3 Ng5 14.Nd3 Nf7 15.Bf2 b6 16.Re1 O-O
17.Nd2 Rfe8 18.Rac1 Rac8 19.a3 Rc7 20.b4 f5  1/2-1/2

[Event "ch-Poltava"]
[Site "Lubny UKR"]
[Date "2011.02.24"]
[Round "8"]
[White "Shemeakin,A"]
[Black "Golub,S UKR"]
[Result "0-1"]
[WhiteElo "2314"]
[BlackElo "2156"]

1.e4 c5 2.Nf3 d6 3.Bb5+ Nd7 4.d4 cxd4 5.Qxd4 a6 6.Bxd7+ Bxd7 7.O-O e6 8.c4 Nf6
9.Nc3 Be7 10.b3 O-O 11.a4 Bc6 12.Ba3 Qc7 13.Rac1 e5 14.Qd3 Rac8 15.Rfd1 Rfd8
16.Nd2 Qb8 17.Nd5 Bxd5 18.cxd5 b5 19.axb5 axb5 20.Bb4 Qb6 21.Nb1 h5 22.h3 Bf8
23.Na3 g6 24.Bd2 Qa6 25.Nc2 Nd7 26.Nb4 Qb7 27.Rc6 Nc5 28.Qb1 Be7 29.Be3 Kg7
30.Rc1 Bf8 31.f3 Be7 32.Qb2 Kg8  0-1

[Event "Ariston Tournament"]
[Site "Satu Mare ROU"]
[Date "2011.02.25"]
[Round "2"]
[White "Hristodorescu,D"]
[Black "Costin,P"]
[Result "1/2-1/2"]
[WhiteElo "2198"]
[BlackElo "2156"]

1.e4 c5 2.Nf3 d6 3.Bb5+ Nc6 4.Bxc6+ bxc6 5.O-O g6 6.Re1 Bg7 7.c3 e6 8.d4 cxd4
9.cxd4 Ne7 10.Nc3 O-O 11.Be3 Qa5 12.Qd2 Bb7 13.Nd5 Qd8 14.Nxe7+ Qxe7 15.Bh6 Rfc8
16.Bxg7 Kxg7 17.Rac1 Rc7  1/2-1/2

[Event "27th Open"]
[Site "Cappelle la Grande FRA"]
[Date "2011.02.27"]
[Round "2.4"]
[White "Janev,E"]
[Black "Mareco,S"]
[Result "1/2-1/2"]
[WhiteElo "2497"]
[BlackElo "2627"]

1.e4 c5 2.Nf3 d6 3.Bb5+ Nd7 4.d4 cxd4 5.Qxd4 a6 6.Bxd7+ Bxd7 7.Nc3 Rc8 8.O-O e5
9.Qd3 Qc7 10.Rd1 h6 11.Nd2 Nf6 12.Nf1 Bg4 13.Re1 Be7 14.Ne3 Be6 15.a4 O-O
16.Qe2 Qd7 17.Qf3 g6 18.h3 Kg7 19.Rd1 Bd8 20.Ncd5 Nh7 21.Ng4 Bxg4 22.hxg4 Rxc2
23.Rd3 Ng5 24.Qd1 Rc6 25.Bxg5 Bxg5 26.g3 Rfc8 27.Nc3 Qe6 28.Kg2 Bd8 29.a5 b6
30.axb6 Rxb6 31.Qe2 Rcb8 32.Rd2 Qc8 33.Nd5 Rb5 34.Nc3 R5b6 35.Nd5 Rb5 36.Nc3  1/2-1/2

[Event "27th Open"]
[Site "Cappelle la Grande FRA"]
[Date "2011.02.27"]
[Round "2.71"]
[White "Fontaine,A"]
[Black "Pacher,M"]
[Result "0-1"]
[WhiteElo "2157"]
[BlackElo "2399"]

1.e4 c5 2.Nf3 d6 3.Bb5+ Nc6 4.Bxc6+ bxc6 5.h3 e5 6.O-O f5 7.d3 Be7 8.c3 Nf6
9.Nbd2 O-O 10.Qb3+ Kh8 11.Re1 fxe4 12.dxe4 Qe8 13.Nh2 Qg6 14.c4 Rb8 15.Qg3 Qxg3
16.fxg3 Ne8 17.Ndf3 Nc7 18.b3 Ne6 19.Be3 a5 20.Rab1 Nd4 21.Nxd4 cxd4 22.Bd2 c5
23.h4 Bd8 24.a3 Be6 25.Nf3 h6 26.Rec1 Bg8 27.b4 axb4 28.axb4 Bb6 29.Be1 Bh7
30.b5 Bxe4 31.Ra1 Ra8 32.Ra6 Rxa6 33.bxa6 Bd3 34.h5 Ra8 35.g4 Rxa6 36.Nh4 Kh7
37.Bg3 Bd8  0-1

[Event "Brunei IM1 2011"]
[Site "Bandar Seri Begawan BRU"]
[Date "2011.02.28"]
[Round "2"]
[White "Nguyen Van Huy"]
[Black "Nguyen Anh Dung"]
[Result "1/2-1/2"]
[WhiteElo "2449"]
[BlackElo "2508"]

1.e4 c5 2.Nf3 d6 3.Bb5+ Bd7 4.Bxd7+ Qxd7 5.O-O Nf6 6.e5 dxe5 7.Nxe5 Qc8 8.d4 cxd4
9.Qxd4 e6 10.Nc3 Nc6 11.Nxc6 Qxc6 12.Be3 Be7 13.h3 O-O 14.Rad1 Rfd8 15.Qe5 a6
16.Qa5 h6 17.Qb6 Nd5 18.Nxd5 Rxd5 19.Qxc6 bxc6 20.c4 Rdd8 21.b3 c5  1/2-1/2

[Event "27th Open"]
[Site "Cappelle la Grande FRA"]
[Date "2011.02.28"]
[Round "3.69"]
[White "Bijaoui,M"]
[Black "Schoene,Mar"]
[Result "1-0"]
[WhiteElo "2403"]
[BlackElo "2200"]

1.e4 c5 2.Nf3 d6 3.Bb5+ Bd7 4.Bxd7+ Qxd7 5.O-O Nc6 6.c3 Nf6 7.Re1 e6 8.d4 cxd4
9.cxd4 d5 10.e5 Ne4 11.Nbd2 Nxd2 12.Bxd2 Be7 13.Rc1 O-O 14.Rc3 Rac8 15.a3 Nb8
16.Rd3 Qb5 17.Bc3 Nd7 18.a4 Qa6 19.h4 b5 20.axb5 Qxb5 21.Ng5 Nb6 22.Rg3 h6
23.Qh5 Bb4 24.Ree3 Rc7 25.Nh3 f5 26.Qxh6 Bxc3 27.Qxe6+ Kh8 28.Rxc3 Rxc3 29.bxc3  1-0

[Event "27th Open"]
[Site "Cappelle la Grande FRA"]
[Date "2011.02.28"]
[Round "4.74"]
[White "Sedina,E"]
[Black "Becuwe,O"]
[Result "1-0"]
[WhiteElo "2339"]
[BlackElo "2096"]

1.e4 c5 2.Nf3 d6 3.Bb5+ Bd7 4.Bxd7+ Qxd7 5.O-O Nf6 6.Re1 Nc6 7.c3 e6 8.d4 cxd4
9.cxd4 d5 10.e5 Ne4 11.Nbd2 Nxd2 12.Bxd2 Be7 13.Rc1 O-O 14.Rc3 Rac8 15.a3 Nb8
16.Rd3 Qc6 17.Bc3 Nd7 18.h4 Nb6 19.Ng5 g6 20.Qg4 h5 21.Qf4 Na4 22.Rf3 Nxc3
23.bxc3 Qe8 24.g4 Bxg5 25.Qxg5 hxg4 26.Qxg4 Kg7 27.h5 Rh8 28.hxg6 fxg6 29.Ree3 Rh5
30.Rf6 Rf5 31.Rg3 Rxf6 32.exf6+ Kxf6 33.Qg5+ Kg7 34.Rh3 Kg8 35.Qe5  1-0

[Event "61st ch-RUS w 1st League"]
[Site "Ivanovo RUS"]
[Date "2011.03.01"]
[Round "9"]
[White "Andreeva,E"]
[Black "Sazonova,A"]
[Result "0-1"]
[WhiteElo "1978"]
[BlackElo "1886"]

1.e4 c5 2.Nf3 d6 3.Bb5+ Nc6 4.d4 cxd4 5.Nxd4 Bd7 6.Bxc6 bxc6 7.O-O Nf6 8.Nc3 e5
9.Nf3 Be7 10.Bg5 Be6 11.Qe2 O-O 12.Rfd1 Qc7 13.Rd2 Rad8 14.Rad1 h6 15.Bh4 Nh5
16.Bg3 Nxg3 17.hxg3 Rd7 18.Nh4 Bg5 19.f4 exf4 20.Nf3 Bg4 21.gxf4 Bxf4 22.Rd3 Qa5
23.Qf2 Qh5 24.g3 Be5 25.Nxe5 Qxe5 26.R1d2 f5 27.Qd4 Qe6 28.e5 d5 29.Na4 Re7
30.Nc5 Qxe5 31.Qxe5 Rxe5 32.Nd7 Re1+ 33.Kf2 Rfe8 34.Rc3 f4 35.Nc5 f3 36.Nd3 Rh1  0-1

[Event "11th Mediterranean Flower"]
[Site "Rijeka CRO"]
[Date "2011.03.02"]
[Round "6"]
[White "Olsarova,K"]
[Black "Kukic,L"]
[Result "1-0"]
[WhiteElo "2195"]
[BlackElo "1764"]

1.e4 c5 2.Nf3 d6 3.Bb5+ Nd7 4.d4 cxd4 5.Qxd4 a6 6.Bxd7+ Bxd7 7.Nc3 Nf6 8.Bg5 h6
9.Bxf6 gxf6 10.Nd5 Rc8 11.c3 Bg7 12.Nh4 O-O 13.Nf5 Bxf5 14.exf5 e6 15.Ne3 h5
16.O-O Bh6 17.Qh4 Qb6 18.Qxh5 Bxe3 19.fxe3 Qxe3+ 20.Kh1 Qg5 21.Qd1 Rfd8 22.Rf3 Kf8
23.fxe6 fxe6 24.Qd4 Ke7 25.Qe4 Rd7 26.Qh7+ Kd8 27.Qh8+ Kc7 28.Qxf6 Qd2 29.Qxe6 Qxb2
30.Re1 Rg7 31.Qe2 Re8 32.Qc4+ Kb6 33.Qd4+ Kc6 34.Qc4+ Kb6 35.Rg1 Reg8 36.Qb3+ Qxb3
37.axb3 Kc5 38.Rf5+ d5 39.g3 Rg5 40.Rgf1 b5 41.Kg2 Rxf5 42.Rxf5 a5 43.Rf4 b4
44.cxb4+ axb4 45.h4 Re8 46.h5 Re5 47.h6 Rh5 48.Rh4  1-0

[Event "ch-SRB"]
[Site "Kragujevac SRB"]
[Date "2011.03.03"]
[Round "4"]
[White "Lukovic,V"]
[Black "Ivanisevic,I"]
[Result "0-1"]
[WhiteElo "2234"]
[BlackElo "2630"]

1.e4 c5 2.Nf3 d6 3.Bb5+ Nc6 4.Bxc6+ bxc6 5.O-O e5 6.c3 Nf6 7.Re1 Bg4 8.h3 Bh5
9.d3 Nd7 10.Nbd2 Be7 11.Nf1 O-O 12.g4 Bg6 13.Ng3 Re8 14.Kg2 a5 15.h4 f6 16.h5 Bf7
17.d4 cxd4 18.cxd4 d5 19.Kg1 dxe4 20.Nxe4 Bd5 21.dxe5 Bb4 22.Nc3 Bxc3 23.bxc3 Bxf3
24.Qxf3 Nxe5  0-1

[Event "TCh-AUT 2010-11"]
[Site "St Veit/Glan AUT"]
[Date "2011.03.03"]
[Round "8"]
[White "Weinzettl,E"]
[Black "Hausner,I"]
[Result "1/2-1/2"]
[WhiteElo "2307"]
[BlackElo "2430"]

1.e4 c5 2.Nf3 d6 3.Bb5+ Nd7 4.d4 Nf6 5.Nc3 cxd4 6.Qxd4 g6 7.Bg5 Bg7 8.Qd2 O-O
9.Bh6 Nc5 10.Bxg7 Kxg7 11.Bd3 Qb6 12.Rb1 Bg4 13.Nd4 e5 14.Nb3 Be6 15.O-O Rac8
16.Qe3 Nxd3 17.Qxb6 axb6 18.cxd3 Bxb3 19.axb3 d5 20.Rfc1 Rfd8 21.f3 dxe4
22.dxe4 Rd2 23.Rd1 Rcd8 24.Rxd2 Rxd2 25.Kf1 Nd7 26.Rd1 Rxd1+ 27.Nxd1 Nc5
28.b4 Nd3 29.b5 Kf6 30.g3 Ke6  1/2-1/2

[Event "TCh-CAT Div Hon"]
[Site "Barcelona ESP"]
[Date "2011.03.05"]
[Round "6.4"]
[White "Vidarte Morales,A"]
[Black "Alonso Moyano,J"]
[Result "0-1"]
[WhiteElo "2405"]
[BlackElo "2391"]

1.e4 c5 2.Nf3 d6 3.Bb5+ Nc6 4.O-O Bd7 5.Re1 e5 6.c3 a6 7.Bxc6 Bxc6 8.d4 Qc7
9.Nbd2 b5 10.Nf1 Nf6 11.Bg5 Nxe4 12.Bh4 f5 13.Ne3 g6 14.dxe5 dxe5 15.Nd5 Qd6
16.Nf6+ Nxf6 17.Qxd6 Bxd6 18.Bxf6 O-O 19.Bxe5 Rad8 20.Bxd6 Rxd6 21.Ne5 Rfd8
22.Nxc6 Rxc6 23.g3 Rd2 24.Re7 Rf6 25.a4 bxa4 26.Rb7 f4 27.g4 f3 28.h3 g5
29.Re1 Rf7 30.Rb6 Rfd7 31.Re5 R2d5 32.Rxd5 Rxd5 33.Kh2 a3 34.bxa3 Rd3 35.Rxa6 Rxc3
36.a4 c4 37.Kg3 Ra3 38.h4 gxh4+ 39.Kxh4 Kf7 40.a5 c3 41.Kg3 Ke7 42.Ra7+ Kd6
43.Rxh7 Ra1 44.Rh6+ Kd5 45.Rh5+ Kd4 46.Rh8 c2 47.Rd8+ Ke5 48.Re8+ Kf6 49.Rf8+ Kg7
50.Rc8 c1=Q 51.Rxc1 Rxc1 52.Kxf3 Ra1 53.Kg3 Rxa5 54.f4 Ra3+ 55.Kh4 Kg6  0-1

[Event "TCh-CAT Div Hon"]
[Site "Barcelona ESP"]
[Date "2011.03.05"]
[Round "6.8"]
[White "Randazzo,A"]
[Black "Rivas Garcia,V"]
[Result "1-0"]
[WhiteElo "2228"]
[BlackElo "2247"]

1.e4 c5 2.Nf3 d6 3.Bb5+ Nc6 4.O-O Bg4 5.c3 Qb6 6.Na3 Nf6 7.d4 O-O-O 8.Qa4 Bxf3
9.gxf3 a6 10.Bxc6 Qxc6 11.Qxc6+ bxc6 12.dxc5 dxc5 13.Nc4 Nd7 14.Rd1 e5 15.f4 f6
16.Be3 Be7 17.Rd2 Rhe8 18.Rad1 Kc7 19.f3 h6 20.Kf2 g5 21.f5 Nb8 22.Rxd8 Rxd8
23.Rxd8 Kxd8 24.Kg3 h5 25.Kf2 Nd7 26.Ke2 Kc7 27.Kd3 Bf8 28.Kc2 Be7 29.a4 Bd8
30.a5 Be7 31.Kd3 Kb7 32.Bf2 Kc7 33.Nd2 Bd8 34.Kc4 Kd6 35.Nb3 Bc7 36.Bxc5+ Nxc5
37.Nxc5 g4 38.fxg4 hxg4 39.b4 Bd8 40.Nxa6 Be7 41.Nc5 Kc7 42.Nd3  1-0

[Event "TCh-CZE 2010-11"]
[Site "Czech Rep CZE"]
[Date "2011.03.05"]
[Round "8.4"]
[White "Rausis,I"]
[Black "Bernasek,J"]
[Result "1/2-1/2"]
[WhiteElo "2482"]
[BlackElo "2490"]

1.e4 c5 2.Nf3 d6 3.Bb5+ Nc6 4.Bxc6+ bxc6 5.e5 g6 6.O-O Bg7 7.Re1 Nh6 8.exd6 Qxd6
9.Nc3 O-O 10.d3 Rd8 11.Ne4 Qd5 12.c4 Qxd3 13.Qxd3 Rxd3 14.Nxc5 Rd8 15.Rxe7 Rd1+
16.Re1 Rxe1+ 17.Nxe1 Ng4 18.h3 Ne5 19.Bf4 Nxc4 20.Rc1 Nxb2 21.Nf3 Bf5 22.Ne5 Re8
23.Nxc6 Bf8 24.Be3 Ra8 25.Bd4 Nd3 26.Nxd3 Bxd3 27.Nxa7 Re8 28.a4 Re4 29.Nc6 Ba6
30.a5 Bb5 31.Be3 Ra4 32.Bb6 Ba3 33.Rc2 Bd6 34.g3 Ra1+ 35.Kg2 Bf1+ 36.Kf3 Bxh3
37.Rd2 Ra3+ 38.Be3 Bc7 39.g4 Ra4 40.Rd4 Ra3 41.Rd7 Bh2 42.Ra7 Bf1 43.g5 Bd6
44.Ke4 h5 45.gxh6 Bg2+ 46.f3 g5 47.Rd7 Bf4 48.Bxf4 Bxf3+ 49.Kf5 gxf4 50.Ne5 Rxa5
51.Kxf4 Bh5 52.Nxf7 Bxf7 53.h7+ Kxh7  1/2-1/2

[Event "TCh-CZE 2010-11"]
[Site "Czech Rep CZE"]
[Date "2011.03.05"]
[Round "8.6"]
[White "Nedela,V"]
[Black "Cerveny,M"]
[Result "0-1"]
[WhiteElo "2334"]
[BlackElo "2317"]

1.e4 c5 2.Nf3 d6 3.Bb5+ Bd7 4.Bxd7+ Qxd7 5.O-O Nc6 6.c4 g6 7.d4 cxd4 8.Nxd4 Bg7
9.Be3 Nf6 10.f3 O-O 11.Nc3 Rac8 12.b3 Rfd8 13.Qd2 e6 14.Rfd1 a6 15.Na4 Qe8
16.Nb6 Rc7 17.Rac1 Nd7 18.Ne2 Bf8 19.Nc3 Nce5 20.h3 Rc6 21.Nba4 f5 22.Qe2 Nf6
23.exf5 gxf5 24.Re1 Qg6 25.Rcd1 Re8 26.f4 Nf7 27.Nb6 Bh6 28.Qf3 Nh5 29.Ne2 Nf6
30.b4 Ne4 31.a4 Bg7 32.Rc1 Kh8 33.b5 Rc7 34.Bd4 Rg8 35.Rc2 axb5 36.axb5 Bxd4+
37.Nxd4 Qf6 38.Qd3 Nh6 39.Nf3 Rcg7 40.Ng5 Nxg5 41.fxg5 Rxg5 42.Qxd6 Qg6 43.Qe5+ Rg7
44.Ree2 Rg3 45.Ra2 Ng8 46.Nd7 f4 47.Qa1 Rb3 48.Re1 Rxh3 49.Nf8 Qh6 50.Nxe6 Rh1+
51.Kf2 Qh4+ 52.Ke2 Rxe1+ 53.Qxe1 Rxg2+  0-1

[Event "1st Donetsk Masters"]
[Site "Donetsk UKR"]
[Date "2011.03.05"]
[Round "12"]
[White "Demkovich,A"]
[Black "Vatinyan,G"]
[Result "1/2-1/2"]
[WhiteElo "2404"]
[BlackElo "1960"]

1.e4 c5 2.Nf3 d6 3.Bb5+ Bd7 4.Bxd7+ Qxd7 5.O-O Nc6 6.c4 Nf6 7.Nc3 g6 8.d4 cxd4
9.Nxd4 Bg7 10.Nde2 O-O 11.f3 Rfc8 12.Be3 Qd8 13.b3 a6 14.Qd2 Nd7 15.Rac1 Rab8
16.Nd5 b5 17.cxb5 axb5 18.Bg5 Bf8 19.Nd4 Nxd4 20.Qxd4 h6 21.Be3 e6 22.Nb4 Qf6
23.Qxf6 Nxf6 24.Nc6 Ra8 25.Rf2 Kg7 26.Rfc2 d5 27.Bd4 Ba3 28.Rd1 dxe4 29.fxe4 Ra6
30.Rf2 Raxc6 31.Bxf6+ Kg8 32.Rfd2 Rc1 33.Rxc1 Bxc1 34.Rd7 Bg5 35.Bxg5 hxg5
36.Rb7 Rc1+ 37.Kf2 Rc2+ 38.Kg3 Rxa2 39.e5 b4 40.Rxb4 Ra5 41.Re4 Kg7 42.b4 Ra2
43.h3 Rb2 44.Kf3 f6 45.exf6+ Kxf6 46.Rc4 Rb3+ 47.Kg4 Rb2 48.g3 Rb3 49.Re4 Rc3
50.Rd4 Re3 51.Rc4 Rb3 52.h4 gxh4 53.gxh4 Rb1 54.Rf4+ Kg7 55.Kg5 e5 56.Rc4 Rg1+
57.Rg4 Rf1 58.Rg3 Rf5+ 59.Kg4 Rf4+ 60.Kg5 Rxb4 61.Ra3 Rb7 62.Ra6 Re7 63.Rxg6+ Kh7
64.Rh6+ Kg7 65.Rg6+ Kh7 66.Ra6 e4 67.Kf6 Rb7 68.Re6 e3 69.Rxe3 Rb6+ 70.Kg5  1/2-1/2

[Event "Saint Louis Invitational"]
[Site "Saint Louis USA"]
[Date "2011.03.08"]
[Round "9"]
[White "Khachiyan,M"]
[Black "Brooks,M"]
[Result "1/2-1/2"]
[WhiteElo "2511"]
[BlackElo "2451"]

1.e4 c5 2.Nf3 d6 3.Bb5+ Bd7 4.Bxd7+ Qxd7 5.O-O Nf6 6.e5 dxe5 7.Nxe5 Qd6 8.Nc4 Qa6
9.d3 e6 10.Nc3 Nbd7 11.Qf3 Be7 12.a4 O-O 13.Bf4 Rfc8 14.Ra3 Qc6 15.Qxc6 Rxc6
16.Re1 Kf8 17.Rb3 b6 18.Kf1 a6 19.h3 Ne8 20.Ne4 h6 21.g4 Bd8 22.Ra3 Bc7 23.Bd2 Nd6
24.f4 Re8 25.Ncxd6 Bxd6 26.c4 a5 27.Kf2 Be7 28.Kf3 Nf6 29.Bc3 Nxe4 30.dxe4 Rd8  1/2-1/2

[Event "MP Reykjavik Open"]
[Site "Reykjavik ISL"]
[Date "2011.03.09"]
[Round "1.33"]
[White "Thorsteinsdottir,H"]
[Black "Ziska,H"]
[Result "0-1"]
[WhiteElo "2011"]
[BlackElo "2432"]

1.e4 c5 2.Nf3 d6 3.Bb5+ Nd7 4.O-O a6 5.Bxd7+ Bxd7 6.d4 cxd4 7.Nxd4 Nf6 8.Re1 Rc8
9.c3 e5 10.Nc2 h6 11.Nd2 Be6 12.Nf1 Be7 13.f3 Qb6+ 14.Kh1 O-O 15.Nfe3 a5
16.Nd5 Nxd5 17.exd5 Bd7 18.Ne3 f5 19.Qe2 f4 20.Nf1 Bb5 21.Qe4 Qf2 22.Ng3 Rc4  0-1

[Event "ch-PriFO A"]
[Site "Tolyatti RUS"]
[Date "2011.03.11"]
[Round "2.10"]
[White "Zuykov,A1"]
[Black "Sharafiev,A"]
[Result "1/2-1/2"]
[WhiteElo "2270"]
[BlackElo "2453"]

1.e4 c5 2.Nf3 d6 3.Bb5+ Nc6 4.O-O Bd7 5.c3 a6 6.Ba4 Nf6 7.Re1 c4 8.Bc2 e5
9.d4 cxd3 10.Bxd3 Be7 11.Nbd2 O-O 12.Nf1 Be6 13.Bg5 Nh5 14.Bxe7 Qxe7 15.Ne3 Nf4
16.Bc4 Rad8 17.g3 Bxc4 18.gxf4 d5 19.exd5 Bxd5 20.Nxd5 Qc5 21.c4 Qxc4 22.Nb6 Qxf4
23.Qe2 Nd4 24.Nxd4 exd4 25.Nc4 Qg5+ 26.Kh1 d3 27.Qe4 b5 28.f4 Qc5 29.Nd2 Qc2
30.Qb4 Qc6+ 31.Qe4 Qc2 32.Qb4 Qc6+ 33.Qe4  1/2-1/2

[Event "MP Reykjavik Open"]
[Site "Reykjavik ISL"]
[Date "2011.03.12"]
[Round "4.25"]
[White "Reipsch,J"]
[Black "Henrichs,T"]
[Result "1-0"]
[WhiteElo "2247"]
[BlackElo "2480"]

1.e4 c5 2.Nf3 d6 3.Bb5+ Nc6 4.c3 Nf6 5.Qe2 Bg4 6.h3 Bxf3 7.Qxf3 Qb6 8.Ba4 g6
9.O-O Bg7 10.d3 O-O 11.Nd2 Qa6 12.Bxc6 Qxc6 13.Re1 Nd7 14.Qg3 a5 15.Nf3 a4
16.d4 a3 17.bxa3 Ra4 18.Rb1 e5 19.d5 Qa6 20.Qh4 Nf6 21.Ng5 h6 22.Nf3 g5 23.Nxg5 hxg5
24.Bxg5 Nh7 25.Re3 f5 26.Rg3 Rxe4 27.Qh5 f4 28.Rg4 Rf7 29.Bh6 Nf6 30.Qxf7+ Kxf7
31.Rxg7+ Ke8 32.Rbxb7 Qxb7 33.Rxb7 Nxd5 34.h4  1-0

[Event "TCh-SVK Extraliga 2010-11"]
[Site "Slovakia SVK"]
[Date "2011.03.12"]
[Round "7.7"]
[White "Briestensky,R"]
[Black "Havlicek,L2"]
[Result "1/2-1/2"]
[WhiteElo "2315"]
[BlackElo "2330"]

1.e4 c5 2.Nf3 d6 3.Bb5+ Bd7 4.Bxd7+ Qxd7 5.O-O Nc6 6.c3 g6 7.d4 Nf6 8.Qe2 cxd4
9.cxd4 Bg7 10.Nc3 O-O 11.h3 Rfc8 12.Bg5 Rab8 13.Rfd1 h6 14.Bf4 b5 15.e5 Ne8
16.exd6 Nxd6 17.Ne5 Qb7 18.Rac1 Na5 19.Nxg6 fxg6 20.Qe6+ Kh7 21.Nd5 Nc6 22.Rxc6 Qxc6
23.Nxe7 Qe4 24.Qxd6 Rd8 25.Qc7 Rf8 26.Bd6 Rb7 27.Qc5 Re8 28.Nc6 a6 29.b4 Qe2
30.Rf1 Qxa2 31.Ne5 Qe6 32.d5 Qc8 33.Nc6 Rd7 34.Rd1 Re4 35.Na5 Qd8 36.Bg3 Bf8
37.d6 Qe8 38.Qc6 Rxb4 39.Nb7 Bg7 40.Nc5 Qe2 41.Qd5 Qe8 42.Nxd7 Qxd7 43.Be5 Bf8
44.Bc3 Rf4 45.Qe5 g5 46.g3 Rf7 47.Qh8+ Kg6 48.Qg8+ Bg7 49.Bxg7 Rxg7 50.Qa8 a5
51.Qxa5 Qc6 52.Qe1 Rd7 53.Qe6+ Kg7 54.Rd5 b4 55.Rf5 Ra7 56.Kh2 b3 57.Qe5+ Kg8
58.Rf6 Rf7 59.Rxf7 Kxf7 60.Qe7+ Kg6 61.d7 Qb6 62.Qe4+ Kg7 63.Qe7+ Kg6 64.Qe4+ Kg7
65.Qe3 Qd6 66.Qc3+ Kh7 67.Qxb3 Qxd7 68.Qf3 Qe6 69.Qg4 Qf6 70.Qe4+ Kg7 71.Kg2 Qd8
72.h4 gxh4 73.Qxh4 Qd6 74.Qe4 Qf6 75.f4 Qb2+ 76.Kh3 Qc1 77.Qe7+ Kg6 78.Qe6+ Kg7
79.Kh4 Qh1+ 80.Qh3 Qd5 81.Qg4+ Kf6  1/2-1/2

[Event "49th TCh-DEN XtraCon 2010-11"]
[Site "Denmark DEN"]
[Date "2011.03.13"]
[Round "9.6"]
[White "Aabling Thomsen,J"]
[Black "Andersen,L1 DEN"]
[Result "1/2-1/2"]
[WhiteElo "2330"]
[BlackElo "2132"]

1.e4 c5 2.Nf3 d6 3.Bb5+ Bd7 4.Bxd7+ Qxd7 5.c4 Nc6 6.Nc3 Nf6 7.d4 cxd4 8.Nxd4 e6
9.O-O Be7 10.b3 O-O 11.Bb2 a6 12.Qd2 Rfe8 13.Rfd1 Qc7 14.Rac1 Ne5 15.h3 h6
16.Qe2 Bf8 17.Nf3 Ned7 18.Na4 Qc6 19.Re1 Rac8 20.Qe3 Red8 21.Bc3 Qc7 22.Bd4 Qb8
23.Ba7 Qa8 24.Bb6 Re8 25.Nd4 Qb8 26.Ba5 b5 27.cxb5 axb5 28.Nc3 b4 29.Na4 d5
30.e5 Ne4 31.Nf3 Qb5  1/2-1/2

[Event "Frauenbundesliga 1st Div 2010-11"]
[Site "Germany GER"]
[Date "2011.03.13"]
[Round "11"]
[White "Belic,J"]
[Black "Voss,Ja"]
[Result "1-0"]
[WhiteElo "2285"]
[BlackElo "1821"]

1.e4 c5 2.Nf3 d6 3.Bb5+ Nc6 4.O-O a6 5.Bxc6+ bxc6 6.d3 g6 7.Re1 Bg7 8.c3 e5
9.Nbd2 Ne7 10.Nc4 O-O 11.Qa4 Bg4 12.Nfd2 Qc7 13.Qa5 Qxa5 14.Nxa5 Rab8 15.Ndc4 Rfd8
16.Bg5 f6 17.Bc1 d5 18.Ne3 Be6 19.Nb3 dxe4 20.dxe4 Bxb3 21.axb3 Rxb3 22.Rxa6 Kf7
23.Nc4 Rb7 24.Be3 Rb5 25.f3 f5 26.Bg5 f4 27.Bxe7 Kxe7 28.Rea1 Rd7 29.Rxc6 Bf6
30.Kf1 Bh4 31.Ke2 Bf6 32.Raa6 Bg7 33.Rab6 Rb7 34.Rxb7+ Rxb7 35.Rxc5 Ke6 36.b4  1-0

[Event "MP Reykjavik Open"]
[Site "Reykjavik ISL"]
[Date "2011.03.13"]
[Round "6.23"]
[White "Reipsch,J"]
[Black "Gunnarsson,J"]
[Result "1/2-1/2"]
[WhiteElo "2247"]
[BlackElo "2428"]

1.e4 c5 2.Nf3 d6 3.Bb5+ Bd7 4.Bxd7+ Qxd7 5.O-O Nc6 6.c3 Nf6 7.d4 Nxe4 8.d5 Ne5
9.Nxe5 dxe5 10.Re1 Nf6 11.c4 e6 12.Bg5 O-O-O 13.Nc3 Be7 14.Rxe5 Bd6 15.Re1 h6
16.Bxf6 gxf6 17.Qf3 Be5 18.Rad1 Qc7 19.Qh3 Qb6 20.b3 Kb8 21.f4 Bxf4 22.dxe6 Rxd1
23.Nxd1 fxe6 24.Qxe6 Qxe6 25.Rxe6 Rd8 26.Nc3 Be5 27.Nd5 b5 28.g3 bxc4 29.bxc4 Ka8
30.a4 Kb7 31.a5 Rd6 32.Re7+ Ka6 33.Kg2 Rd8 34.Kf3 Ra8 35.Rxe5 fxe5 36.Nc7+ Kxa5
37.Nxa8 Kb4 38.g4 Kxc4 39.Ke4 Kb3 40.h4 c4 41.g5 hxg5 42.hxg5 c3 43.g6 c2
44.g7 c1=Q 45.g8=Q+ Qc4+ 46.Qxc4+ Kxc4 47.Kxe5  1/2-1/2

[Event "MP Reykjavik Open"]
[Site "Reykjavik ISL"]
[Date "2011.03.14"]
[Round "7.36"]
[White "Andersson,C"]
[Black "Karavade,E"]
[Result "1/2-1/2"]
[WhiteElo "2163"]
[BlackElo "2330"]

1.e4 c5 2.Nf3 d6 3.Bb5+ Nd7 4.d4 Nf6 5.Nc3 a6 6.Bxd7+ Nxd7 7.e5 cxd4 8.Qxd4 dxe5
9.Nxe5 e6 10.Nxd7 Bxd7 11.Be3 Bc6 12.f3 Qxd4 13.Bxd4 O-O-O 14.O-O-O Bd6 15.Ne4 Bf4+
16.Kb1 e5 17.Bb6 Rxd1+ 18.Rxd1 Bxe4 19.fxe4 Bxh2 20.Rd5 Re8 21.Kc1 Bf4+ 22.Kd1 h5
23.Ke2 g5 24.c4 g4 25.Rc5+ Kd7 26.Rc7+ Ke6 27.Rxb7 Rc8 28.Rc7 Rb8 29.Rc6+ Kd7
30.Rc7+ Ke8 31.c5 h4 32.Ra7 h3 33.gxh3 gxh3 34.Kf2 Rc8 35.Rxa6 h2 36.Kg2 Kd7
37.Kh1 Rg8 38.c6+ Kxc6 39.Bf2+ Kb5 40.Rb6+ Kc4 41.Rb3 Ra8 42.Rc3+ Kb5 43.Be3 Bxe3
44.Rxe3 Rxa2 45.Rf3 Rxb2 46.Rxf7 Kc4 47.Rc7+ Kd4 48.Rc4+ Ke3 49.Rc3+ Ke2
50.Rc5 Kf3 51.Rxe5 Kg3 52.Rg5+ Kh3 53.Rh5+ Kg3 54.Rg5+ Kh3 55.Rh5+  1/2-1/2

[Event "FSFMA March"]
[Site "Budapest HUN"]
[Date "2011.03.15"]
[Round "11"]
[White "Mayer,I"]
[Black "Tessedik,K"]
[Result "1-0"]
[WhiteElo "2023"]
[BlackElo "1883"]

1.e4 c5 2.Nf3 d6 3.Bb5+ Nd7 4.O-O a6 5.Be2 Ngf6 6.d3 g6 7.c3 Bg7 8.Nbd2 O-O
9.a4 b6 10.Nc4 Rb8 11.e5 Ne8 12.exd6 exd6 13.Bf4 Ndf6 14.d4 Nh5 15.Bg5 f6
16.Be3 d5 17.dxc5 bxc5 18.Bxc5 Rf7 19.a5 Nf4 20.Nb6 Qc7 21.Be3 Nxe2+ 22.Qxe2 Bb7
23.Nd4 Re7 24.Qf3 Re4 25.Qg3 Nd6 26.Bf4 Bf8 27.f3 Ree8 28.Rfe1 Kf7 29.Qh3 Kg8
30.Qd7 Qd8 31.Ne6  1-0